[Event "9. Longericher Sommer-Open"]
[Site "9. Longericher Sommer-Open"]
[Date "2012.08.06"]
[Round "4.26"]
[White "Wilde, Christian"]
[Black "Kaiser, Anton"]
[Result "1-0"]
[WhiteElo "1155"]
[BlackElo "1124"]
[PlyCount "95"]
[EventDate "2012.??.??"]
[WhiteTeam "SF Köln-Longerich 195"]
[BlackTeam "SV 1925 Hürth-Berrenra"]

1. c4 c5 2. g3 Nc6 3. Bg2 Nf6 4. Nc3 e6 5. e3 d5 6. cxd5 exd5 7. d4 c4 8. Nge2
Be6 9. a3 Be7 10. O-O O-O 11. b4 a6 12. b5 axb5 13. Nxb5 Na5 14. Ra2 Qb6 15. a4
Bd7 16. Nec3 Bc6 17. Ba3 Bxa3 18. Rxa3 Nb3 19. Qc2 Ra5 20. e4 Nxe4 21. Bxe4
dxe4 22. d5 Bxb5 23. Nxb5 Nd4 24. Nxd4 Qxd4 25. Rd1 Qc5 26. Re3 f5 27. d6 Rd8
28. d7 Qc6 29. Ra3 Rd5 30. Rxd5 Qxd5 31. Rc3 Qxd7 32. Rxc4 b5 33. axb5 Qxb5 34.
Kg2 Qd5 35. Kg1 g6 36. Rc8 Rxc8 37. Qxc8+ Kg7 38. Qc7+ Kh6 39. Qc1+ g5 40. h4
Qd8 41. hxg5+ Qxg5 42. Qc6+ Kh5 43. Qc2 Qg4 44. Qc8 f4 45. Qe8+ Qg6 46. Qe5+
Kg4 47. Qxf4+ Kh5 48. Qh4# 1-0

[Event "9. Longericher Sommer-Open"]
[Site "9. Longericher Sommer-Open"]
[Date "2012.08.05"]
[Round "5.1"]
[White "Schwark, Mario"]
[Black "Reinartz, Ulrich"]
[Result "1/2-1/2"]
[WhiteElo "1746"]
[BlackElo "1667"]
[PlyCount "123"]
[EventDate "2012.??.??"]
[WhiteTeam "SG Kalker/Deutze"]

1. d4 Nf6 2. Nf3 d5 3. g3 Bf5 4. Bg2 e6 5. O-O h6 6. c4 Be7 7. Qb3 Qc8 8. Nc3
c6 9. Re1 O-O 10. Nh4 Bh7 11. e4 Nxe4 12. Nxe4 dxe4 13. Bxe4 Bxh4 14. gxh4 Nd7
15. Qg3 Kh8 16. Bg2 Nf6 17. b3 Qd7 18. Bb2 Rad8 19. Rad1 Rfe8 20. d5 exd5 21.
Bxf6 Rxe1+ 22. Rxe1 gxf6 23. cxd5 cxd5 24. Qf4 Kg7 25. Re3 Qf5 26. Rg3+ Kh8 27.
Qxh6 Rg8 28. Qd2 Qb1+ 29. Bf1 Rxg3+ 30. fxg3 Be4 31. Qh6+ Kg8 32. Qxf6 Qxa2 33.
h5 Qd2 34. Qf2 Qxf2+ 35. Kxf2 a5 36. Bb5 Bc2 37. Ba4 b5 38. Bxb5 Bxb3 39. Ke3
a4 40. Kd2 a3 41. Kc1 Kg7 42. Bd3 Kh6 43. g4 f6 44. Kb1 d4 45. h3 Kg5 46. Ka1
Bd5 47. Kb1 Bg8 48. Ka1 Bd5 49. Kb1 Be6 50. Ka1 Kh6 51. Be2 Bd5 52. Bd3 Bg2 53.
Ka2 Bxh3 54. Be2 d3 55. Bxd3 Bxg4 56. Kxa3 Bxh5 57. Kb4 Kg5 58. Kc3 Kf4 59. Kd2
Bf3 60. Ke1 Ke3 61. Bf5 Be4 62. Be6 1/2-1/2

[Event "9. Longericher Sommer-Open"]
[Site "9. Longericher Sommer-Open"]
[Date "2012.08.05"]
[Round "5.2"]
[White "Kossack, Philipp"]
[Black "Andrijenko, Anatoliy"]
[Result "0-1"]
[WhiteElo "1637"]
[BlackElo "1696"]
[PlyCount "98"]
[EventDate "2012.??.??"]
[WhiteTeam "SV Erftstadt e.V."]
[BlackTeam "SF Köln-Longerich 195"]

1. d4 Nf6 2. c4 g6 3. Nc3 Bg7 4. e4 O-O 5. Be3 d6 6. f3 c6 7. Bd3 a6 8. a4 a5
9. g4 Nbd7 10. Nge2 c5 11. d5 Ne5 12. Ng3 Qb6 13. Nb5 Bd7 14. h3 e6 15. f4
Nxd3+ 16. Qxd3 exd5 17. exd5 Rfe8 18. O-O-O Re7 19. Rdf1 Rae8 20. Bd2 Bxb5 21.
axb5 Ne4 22. Nxe4 Rxe4 23. Re1 Rxe1+ 24. Rxe1 Rxe1+ 25. Bxe1 Qd8 26. Qe4 b6 27.
b3 Bd4 28. Kc2 Kf8 29. Bg3 Qf6 30. Be1 Ba1 31. Qe3 Qb2+ 32. Kd1 Qb1+ 33. Ke2
Qc2+ 34. Kf3 Bd4 35. Qe2 Qxb3+ 36. Kg2 a4 37. Bh4 Qe3 38. Qc2 a3 39. Qa4 Qg1+
40. Kf3 Qf1+ 41. Kg3 Bf2+ 42. Kf3 Bxh4+ 43. Ke3 Qxh3+ 44. Kd2 a2 45. Qa8+ Kg7
46. g5 Be1+ 47. Ke2 Qg2+ 48. Kd3 Qd2+ 49. Ke4 Qe2# 0-1

[Event "9. Longericher Sommer-Open"]
[Site "9. Longericher Sommer-Open"]
[Date "2012.08.05"]
[Round "5.3"]
[White "Trinkl, Andreas"]
[Black "Busse, Alexander"]
[Result "0-1"]
[WhiteElo "1677"]
[BlackElo "1600"]
[PlyCount "98"]
[EventDate "2012.??.??"]
[WhiteTeam "SV 1947 Walldorf"]
[BlackTeam "Brühler SK 1920 e.V."]

1. e4 e5 2. f4 d5 3. exd5 exf4 4. Bb5+ Bd7 5. Bxd7+ Nxd7 6. Nf3 Qe7+ 7. Kf2
Qc5+ 8. d4 Qxd5 9. Re1+ Ne7 10. Na3 O-O-O 11. c4 Qf5 12. Qc2 Qxc2+ 13. Nxc2 Ng6
14. Bd2 b6 15. b4 Nf6 16. a4 Kb7 17. b5 Bd6 18. a5 Rhe8 19. axb6 axb6 20. Ng5
Rxe1 21. Bxe1 Rd7 22. Kf1 h6 23. Nf3 Ng4 24. Bd2 Re7 25. Re1 Rxe1+ 26. Kxe1 Ne7
27. Ke2 g5 28. h3 Nf6 29. Ne5 Bxe5 30. dxe5 Nd7 31. Bb4 Ng6 32. e6 fxe6 33. Nd4
e5 34. Nf5 h5 35. Ng7 Nf6 36. Ne6 g4 37. hxg4 hxg4 38. Ng5 Nh4 39. Bc3 Nxg2 40.
Bxe5 Nd7 41. Bd4 Nh4 42. Ne6 f3+ 43. Kf2 Nf5 44. Bc3 Nd6 45. Be1 Ne5 46. Kg3
Ne4+ 47. Kf4 Nd3+ 48. Kxe4 Nxe1 49. Nf4 f2 0-1

[Event "9. Longericher Sommer-Open"]
[Site "9. Longericher Sommer-Open"]
[Date "2012.08.05"]
[Round "5.4"]
[White "Hoffmann, Michael"]
[Black "Kronseder, Michael"]
[Result "1/2-1/2"]
[WhiteElo "1651"]
[BlackElo "1549"]
[PlyCount "69"]
[EventDate "2012.??.??"]
[WhiteTeam "SG Neuss/Norf e."]
[BlackTeam "SV 1925 Hürth-Berrenra"]

1. d4 c5 2. d5 e6 3. c4 exd5 4. cxd5 d6 5. Nc3 g6 6. g3 Bg7 7. Bg2 Nf6 8. Nf3
O-O 9. O-O Re8 10. Re1 a6 11. a4 Bg4 12. Nd2 Ra7 13. Nc4 b6 14. Bf4 Bf8 15. Qb3
Rb7 16. h3 Bc8 17. e4 Nh5 18. Bd2 f6 19. Ne2 b5 20. axb5 axb5 21. Na3 f5 22.
exf5 Rbe7 23. Bg5 c4 24. Qb4 Na6 25. Qd2 Rxe2 26. Bxd8 Rxd2 27. Rxe8 Bd7 28.
Ree1 Nc5 29. fxg6 hxg6 30. Ba5 Rxb2 31. Reb1 Bg7 32. Rxb2 Bxb2 33. Ra2 c3 34.
Bf1 Nb3 35. Bxc3 1/2-1/2

[Event "9. Longericher Sommer-Open"]
[Site "9. Longericher Sommer-Open"]
[Date "2012.08.05"]
[Round "5.5"]
[White "Schnier, Steffen"]
[Black "Stupp, Gereon"]
[Result "1-0"]
[WhiteElo "1610"]
[BlackElo "1431"]
[PlyCount "49"]
[EventDate "2012.??.??"]
[WhiteTeam "SV Bad Essen"]
[BlackTeam "SG Neuss/Norf e."]

1. e4 e5 2. Nf3 Nc6 3. Bc4 Nf6 4. Ng5 d5 5. exd5 Na5 6. Bb5+ c6 7. dxc6 bxc6 8.
Be2 h6 9. Nf3 e4 10. Ne5 Bd6 11. d4 exd3 12. Nxd3 Qc7 13. h3 O-O 14. O-O Nc4
15. b3 Ne5 16. Bb2 Rd8 17. Nxe5 Bxe5 18. Bxe5 Qxe5 19. Qxd8+ Kh7 20. Bd3+ g6
21. Qf8 Qd5 22. Bc4 Bxh3 23. Qxf7+ Qxf7 24. Bxf7 Bf5 25. c3 1-0

[Event "9. Longericher Sommer-Open"]
[Site "9. Longericher Sommer-Open"]
[Date "2012.08.05"]
[Round "5.6"]
[White "Margenberg, Volker"]
[Black "Knobeloch, Olaf"]
[Result "1-0"]
[WhiteElo "1724"]
[BlackElo "1520"]
[PlyCount "27"]
[EventDate "2012.??.??"]
[WhiteTeam "SV Wiehl 1923 e.V."]
[BlackTeam "Pulheimer Sport-Club 1924/57 e.V"]

1. d4 d5 2. c4 e6 3. Nc3 c6 4. e3 Nf6 5. Nf3 Nbd7 6. Bd3 Bd6 7. cxd5 exd5 8.
Bd2 O-O 9. Qc2 c5 10. O-O Re8 11. Nb5 Bf8 12. Ng5 h6 13. Bh7+ Kh8 14. Nxf7# 1-0

[Event "9. Longericher Sommer-Open"]
[Site "9. Longericher Sommer-Open"]
[Date "2012.08.05"]
[Round "5.7"]
[White "Stelzer, Wolfgang"]
[Black "Engel, Johann"]
[Result "1-0"]
[WhiteElo "1710"]
[BlackElo "1416"]
[PlyCount "179"]
[EventDate "2012.??.??"]
[WhiteTeam "SC Wittlich 1947"]
[BlackTeam "Brühler SK 1920 e.V."]

1. c4 Nf6 2. Nc3 d5 3. cxd5 Nxd5 4. Nf3 Nc6 5. d4 Nxc3 6. bxc3 e6 7. e3 Bd7 8.
Bd3 Be7 9. Rb1 Rb8 10. O-O O-O 11. a4 Bd6 12. Bc2 Be7 13. e4 g6 14. Bh6 Re8 15.
e5 Bf8 16. Qd2 Bg7 17. Rb2 Na5 18. Bxg7 Kxg7 19. Qd3 Nc6 20. h4 b6 21. Ng5 Ne7
22. g3 Rf8 23. Rd1 Bc6 24. Bb3 Bb7 25. c4 c6 26. Rbd2 Nf5 27. Qe2 Ne7 28. Nh3
Qc7 29. h5 Rbd8 30. Qg4 Nf5 31. hxg6 hxg6 32. Qf4 Rh8 33. Ng5 Qe7 34. f3 Rh5
35. Ne4 Rdh8 36. Nf2 Qg5 37. Qxg5 Rxg5 38. g4 c5 39. d5 exd5 40. cxd5 Nd4 41.
Rxd4 cxd4 42. f4 Rxg4+ 43. Nxg4 Rh4 44. Nf6 Rxf4 45. d6 Bc8 46. d7 Bxd7 47.
Nxd7 Rf3 48. Bd5 Ra3 49. Rxd4 g5 50. Kg2 Kg6 51. Be4+ Kg7 52. Bf5 Kh6 53. Nf6
a6 54. Ne8 f6 55. Rd6 Ra2+ 56. Kf1 Rxa4 57. Rxf6+ Kh5 58. Ng7+ Kh4 59. Rxb6 g4
60. Bxg4 Kxg4 61. e6 Re4 62. Rxa6 Kg5 63. Ne8 Re5 64. Kf2 Kf5 65. Kf3 Re1 66.
Nc7 Re5 67. Rb6 Kf6 68. Kf4 Rc5 69. Rb7 Rc4+ 70. Ke3 Ke7 71. Kd3 Rh4 72. Rb6
Rh3+ 73. Kd4 Rh4+ 74. Kc5 Kf6 75. Nd5+ Kg6 76. Kd6 Re4 77. Kd7 Re5 78. Rd6 Kg7
79. Ke7 Re1 80. Rd7 Re2 81. Ke8+ Kg8 82. Nc7 Kh8 83. Kf8 Rxe6 84. Rd3 Rf6+ 85.
Ke7 Rf1 86. Rg3 Kh7 87. Nd5 Re1+ 88. Kf7 Rf1+ 89. Nf6+ Kh6 90. Rg6# 1-0

[Event "9. Longericher Sommer-Open"]
[Site "9. Longericher Sommer-Open"]
[Date "2012.08.05"]
[Round "5.8"]
[White "Statz, Samuel"]
[Black "Heinrich, Philipp"]
[Result "1-0"]
[WhiteElo "1463"]
[BlackElo "1643"]
[PlyCount "57"]
[EventDate "2012.??.??"]
[WhiteTeam "SV Erftstadt e.V."]
[BlackTeam "SK Haseturm Löningen"]

1. e4 c5 2. c3 d5 3. exd5 Qxd5 4. d4 Nc6 5. Nf3 e6 6. Be2 Nf6 7. O-O Be7 8. Be3
cxd4 9. Nxd4 Nxd4 10. Bxd4 O-O 11. Bf3 Qd8 12. Qb3 Nd5 13. Rd1 Qc7 14. c4 Nb4
15. Na3 a6 16. Qe3 Nc6 17. Bb6 Qe5 18. Bxc6 Qxe3 19. fxe3 bxc6 20. c5 e5 21.
Nc4 Bg4 22. Rd2 Bd8 23. Bxd8 Rfxd8 24. Rxd8+ Rxd8 25. Nxe5 Be6 26. Nxc6 Rd2 27.
Nd4 Bd5 28. Nf3 Rxb2 29. Rd1 1-0

[Event "9. Longericher Sommer-Open"]
[Site "9. Longericher Sommer-Open"]
[Date "2012.08.05"]
[Round "5.9"]
[White "Beißel, Daniel"]
[Black "Rost, Vincent"]
[Result "1-0"]
[WhiteElo "1599"]
[BlackElo "1480"]
[PlyCount "119"]
[EventDate "2012.??.??"]
[WhiteTeam "SV Horrem 1948"]
[BlackTeam "SV Erftstadt e.V."]

1. d4 d5 2. c4 e6 3. g3 Nf6 4. Nf3 Be7 5. Bg2 Nbd7 6. O-O O-O 7. b3 b6 8. Nc3
Bb7 9. Qc2 c5 10. e3 dxc4 11. bxc4 cxd4 12. exd4 Rc8 13. Qa4 a6 14. Ne2 b5 15.
cxb5 Be4 16. bxa6 Qb6 17. Ne1 Bxg2 18. Nxg2 Ra8 19. Be3 Qxa6 20. Qxa6 Rxa6 21.
Rfc1 Rfa8 22. Rc2 Nd5 23. Bd2 Bf6 24. Ne3 N7b6 25. Ng4 Be7 26. Ne5 f6 27. Nd3
Ra4 28. Nc5 Rc8 29. Rac1 Bxc5 30. dxc5 Nd7 31. Nf4 Nxf4 32. Bxf4 e5 33. Be3 Nb8
34. c6 Kf7 35. c7 Nd7 36. Rb1 Ke7 37. Bc5+ Nxc5 38. Rb8 Ra8 39. Rxa8 Rxa8 40.
Rxc5 Kd7 41. c8=Q+ Rxc8 42. Rxc8 Kxc8 43. f4 e4 44. f5 Kd7 45. Kf2 Kd6 46. Ke3
Ke5 47. g4 g6 48. fxg6 hxg6 49. a4 f5 50. gxf5 gxf5 51. a5 f4+ 52. Ke2 Kd4 53.
a6 f3+ 54. Ke1 e3 55. a7 Kd3 56. a8=Q f2+ 57. Kf1 Kd2 58. Qa2+ Kd3 59. Qe2+ Kd4
60. h4 1-0

[Event "9. Longericher Sommer-Open"]
[Site "9. Longericher Sommer-Open"]
[Date "2012.08.05"]
[Round "5.10"]
[White "Jansen, Kurt"]
[Black "Sewald, Jörg"]
[Result "1-0"]
[WhiteElo "1413"]
[BlackElo "1538"]
[PlyCount "73"]
[EventDate "2012.??.??"]
[WhiteTeam "SK Sülz-Klettenberg"]
[BlackTeam "SF Esch e.V."]

1. e4 e5 2. Nf3 Nc6 3. Nc3 Nf6 4. Bc4 Bc5 5. d3 O-O 6. O-O h6 7. a3 d6 8. h3
Na5 9. Ba2 Bb6 10. Bd2 Nc6 11. Be3 Nd4 12. Bxd4 exd4 13. Ne2 c5 14. Ng3 g5 15.
e5 dxe5 16. Nxe5 Bc7 17. Re1 Bxe5 18. Rxe5 Re8 19. Qe1 b6 20. Rxe8+ Nxe8 21.
Qe4 Be6 22. Bxe6 fxe6 23. Qxe6+ Kh7 24. Qf5+ Kh8 25. Qf8+ Kh7 26. Qf7+ Kh8 27.
Re1 Nd6 28. Qg6 Qf8 29. Re6 Nb7 30. Qxh6+ Qxh6 31. Rxh6+ Kg8 32. Rg6+ Kf7 33.
Rxg5 Nd6 34. Ne4 Nxe4 35. dxe4 Rd8 36. Rd5 Ra8 37. Kf1 1-0

[Event "9. Longericher Sommer-Open"]
[Site "9. Longericher Sommer-Open"]
[Date "2012.08.05"]
[Round "5.11"]
[White "Smets, Heike"]
[Black "Stadtfeld, Martin"]
[Result "1/2-1/2"]
[WhiteElo "1445"]
[BlackElo "1720"]
[PlyCount "57"]
[EventDate "2012.??.??"]
[BlackTeam "SC Jünkerath"]

1. e4 c5 2. Nf3 d6 3. Bb5+ Nc6 4. O-O Nf6 5. Nc3 g6 6. d4 cxd4 7. Nxd4 Qd7 8.
Bg5 Bg7 9. e5 dxe5 10. Nxc6 bxc6 11. Qxd7+ Bxd7 12. Bc4 O-O 13. Rfe1 Rfe8 14.
Bd2 Bf5 15. Bb3 Nd7 16. Ne4 Bxe4 17. Rxe4 Nc5 18. Rc4 Nxb3 19. cxb3 Red8 20.
Be3 Rd6 21. Rac1 Rad8 22. g3 Rd1+ 23. Rxd1 Rxd1+ 24. Kg2 Rb1 25. Rxc6 h5 26.
Ra6 Rxb2 27. Rxa7 e6 28. Ra8+ Kh7 29. Ra7 1/2-1/2

[Event "9. Longericher Sommer-Open"]
[Site "9. Longericher Sommer-Open"]
[Date "2012.08.05"]
[Round "5.12"]
[White "Yon, Gregory"]
[Black "Natterer, Marco"]
[Result "0-1"]
[WhiteElo "1418"]
[BlackElo "1673"]
[PlyCount "62"]
[EventDate "2012.??.??"]
[WhiteTeam "Turnerschaft Bergisch-Gladbach 1"]
[BlackTeam "SF Seelscheid e.V."]

1. c4 e5 2. Nc3 f5 3. e4 d6 4. Nf3 Nf6 5. d3 Be7 6. Bg5 O-O 7. Bxf6 Bxf6 8. g3
Nc6 9. Bg2 fxe4 10. Nxe4 Be7 11. O-O Be6 12. a3 Qd7 13. b4 Bg4 14. Re1 Nd4 15.
Re3 Rf7 16. h3 Bxf3 17. Bxf3 Qxh3 18. Bg4 Qh6 19. Ra2 Bg5 20. Nxg5 Qxg5 21. Re4
Nf5 22. Bh3 g6 23. Bxf5 gxf5 24. Rh4 Rg7 25. Qh5 Rf8 26. Qxg5 Rxg5 27. Kg2 f4
28. Kh3 fxg3 29. fxg3 Rf3 30. Rg4 Rxg4 31. Kxg4 Rxd3 0-1

[Event "9. Longericher Sommer-Open"]
[Site "9. Longericher Sommer-Open"]
[Date "2012.08.05"]
[Round "5.13"]
[White "Oerder, Timon"]
[Black "Kürten, Lothar"]
[Result "0-1"]
[WhiteElo "1332"]
[BlackElo "1623"]
[PlyCount "50"]
[EventDate "2012.??.??"]
[WhiteTeam "SV Fideler Bauer Lever"]
[BlackTeam "SF Köln-Longerich 195"]

1. d4 d5 2. c4 e6 3. Nc3 Nf6 4. Bg5 Nbd7 5. Nf3 c6 6. e3 Qa5 7. cxd5 Nxd5 8.
Qc2 Bb4 9. Kd1 Bxc3 10. bxc3 Nxc3+ 11. Kc1 Nd5 12. e4 N5f6 13. Bd3 e5 14. Bd2
Qc7 15. dxe5 Nxe5 16. Bc3 Nxd3+ 17. Qxd3 O-O 18. Re1 Be6 19. Ng5 h6 20. Nxe6
fxe6 21. Qh3 Rae8 22. Re3 Qf4 23. Qg3 Qxg3 24. Rxg3 e5 25. Re3 Ng4 0-1

[Event "9. Longericher Sommer-Open"]
[Site "9. Longericher Sommer-Open"]
[Date "2012.08.05"]
[Round "5.14"]
[White "Klein, Markus"]
[Black "Berkle, Pascal"]
[Result "0-1"]
[WhiteElo "1321"]
[BlackElo "1586"]
[PlyCount "118"]
[EventDate "2012.??.??"]
[WhiteTeam "SK Sülz-Klettenberg"]
[BlackTeam "SV Erftstadt e.V."]

1. Nf3 c6 2. e3 d5 3. d4 Nf6 4. Nbd2 Bf5 5. c4 e6 6. Qb3 Qc7 7. c5 Nbd7 8. Bd3
Bxd3 9. Qxd3 b6 10. cxb6 axb6 11. a3 Bd6 12. O-O O-O 13. Re1 e5 14. dxe5 Nxe5
15. Nxe5 Bxe5 16. Nf3 Bd6 17. Bd2 Rfe8 18. Bc3 Ne4 19. Rac1 Qd7 20. Qd4 f6 21.
Rc2 Nc5 22. Rd1 Qf5 23. Qd2 Re7 24. Nd4 Qh5 25. g3 Rc8 26. Qe2 Qxe2 27. Rxe2
Be5 28. Nf5 Rd7 29. Bb4 g6 30. Nh4 Na4 31. b3 Nb2 32. Rb1 Nd3 33. Bd2 Bd6 34.
a4 Ne5 35. f4 Nd3 36. Bc3 Kf7 37. Nf3 Nc5 38. Nd2 Re7 39. Bb4 Nb7 40. Bxd6 Nxd6
41. Kf2 Ne4+ 42. Nxe4 Rxe4 43. Kf3 Rce8 44. Rc1 R8e6 45. Rd1 Ke7 46. Rd4 Kd6
47. b4 c5 48. bxc5+ bxc5 49. Rxe4 Rxe4 50. Ra2 Re7 51. Ke2 c4 52. Kd2 Kc5 53.
a5 Kb5 54. a6 Ra7 55. Rb2+ Kxa6 56. Kc3 Rb7 57. Rd2 Rb3+ 58. Kd4 Kb5 59. Kxd5
Rd3+ 0-1

[Event "9. Longericher Sommer-Open"]
[Site "9. Longericher Sommer-Open"]
[Date "2012.08.05"]
[Round "5.15"]
[White "Flüchter, Markus"]
[Black "Vjazner, Lilian"]
[Result "0-1"]
[WhiteElo "1504"]
[BlackElo "954"]
[PlyCount "54"]
[EventDate "2012.??.??"]
[WhiteTeam "SV Soest 1926"]
[BlackTeam "Klub Kölner SF e.V. 1"]

1. e4 e5 2. Nf3 Nc6 3. d4 exd4 4. Nxd4 Nxd4 5. Qxd4 d6 6. Nc3 Nf6 7. Bg5 Be7 8.
O-O-O c5 9. Qa4+ Bd7 10. Bb5 a6 11. Bxd7+ Nxd7 12. Bxe7 Qxe7 13. Nd5 Qd8 14.
Rhe1 O-O 15. c4 b5 16. Qc2 Nb6 17. b3 bxc4 18. Nxb6 cxb3 19. axb3 Qxb6 20. Qc4
a5 21. Kc2 Rfb8 22. Rb1 Qb4 23. Qd5 a4 24. Red1 a3 25. Qxd6 a2 26. Ra1 Qxb3+
27. Kd2 Rd8 0-1

[Event "9. Longericher Sommer-Open"]
[Site "9. Longericher Sommer-Open"]
[Date "2012.08.05"]
[Round "5.16"]
[White "Plitt, Stefan"]
[Black "Lin, David"]
[Result "1/2-1/2"]
[WhiteElo "1652"]
[BlackElo "993"]
[PlyCount "83"]
[EventDate "2012.??.??"]
[WhiteTeam "SV Grünfeld e.V."]
[BlackTeam "Klub Kölner SF e.V. 1"]

1. c4 e5 2. Nc3 Nc6 3. Nf3 Nf6 4. d3 Bc5 5. e3 d6 6. Be2 O-O 7. O-O Be6 8. Na4
Bb6 9. Nxb6 axb6 10. d4 exd4 11. exd4 Bg4 12. h3 Bh5 13. d5 Bxf3 14. Bxf3 Ne5
15. b3 Qd7 16. Bb2 Rfe8 17. Re1 Qf5 18. Bxe5 Rxe5 19. a4 Rae8 20. Rxe5 Qxe5 21.
Ra2 Qe1+ 22. Qxe1 Rxe1+ 23. Kh2 Rb1 24. a5 bxa5 25. Rxa5 g6 26. Ra8+ Kg7 27.
Rc8 Rxb3 28. Rxc7 Ne8 29. Rc8 Kf8 30. Bd1 Rb4 31. Kg3 Ke7 32. Kf4 Kd7 33. Rb8
Rxc4+ 34. Ke3 Rb4 35. f4 Nf6 36. Bf3 Rb3+ 37. Kd4 Rb4+ 38. Kc3 Rxf4 39. Rxb7+
Ke8 40. Rb8+ Ke7 41. Rb7+ Ke8 42. Rb8+ 1/2-1/2

[Event "9. Longericher Sommer-Open"]
[Site "9. Longericher Sommer-Open"]
[Date "2012.08.05"]
[Round "5.17"]
[White "Sewald, Richard"]
[Black "Kolbasnikov, Igor"]
[Result "1/2-1/2"]
[WhiteElo "1096"]
[BlackElo "1414"]
[PlyCount "31"]
[EventDate "2012.??.??"]
[WhiteTeam "SG Porz e.V."]
[BlackTeam "SF Köln-Longerich 195"]

1. e4 e5 2. Nf3 Nc6 3. Bc4 Nd4 4. Nxd4 exd4 5. c3 Bc5 6. O-O Ne7 7. cxd4 Bxd4
8. Nc3 O-O 9. Ne2 Bf6 10. d4 d5 11. exd5 Nxd5 12. Bxd5 Qxd5 13. Bf4 c6 14. Re1
Bg4 15. f3 Be6 16. Be3 1/2-1/2

[Event "9. Longericher Sommer-Open"]
[Site "9. Longericher Sommer-Open"]
[Date "2012.08.05"]
[Round "5.18"]
[White "Reiter, Ute"]
[Black "Westphal, Gerhard"]
[Result "1-0"]
[WhiteElo "1111"]
[BlackElo "1406"]
[PlyCount "105"]
[EventDate "2012.??.??"]
[WhiteTeam "Brühler SK 1920 e.V."]
[BlackTeam "Ford-SF Köln e.V."]

1. e4 e5 2. Nf3 Nc6 3. Bc4 Bc5 4. O-O Nf6 5. Nc3 O-O 6. a3 d6 7. b4 Bb6 8. Bb2
Bg4 9. h3 Bh5 10. Re1 Nd4 11. Be2 Nxe2+ 12. Qxe2 c6 13. Nd1 Re8 14. Ne3 Nxe4
15. Rad1 Qf6 16. g4 Bg6 17. h4 h6 18. d3 Bd4 19. Bxd4 Nxf2 20. Qxf2 exd4 21.
Ng2 Re6 22. Rxe6 fxe6 23. Nxd4 Qe7 24. Qe2 e5 25. Rf1 Rf8 26. Rxf8+ Qxf8 27.
Nb3 Be8 28. Qf1 Qe7 29. Nd2 Bd7 30. Qf3 Qd8 31. Nc4 Qe7 32. Nce3 Qd8 33. Nf5
Bxf5 34. Qxf5 Qb6+ 35. Qf2 Qa6 36. Qf5 Qb6+ 37. Kf1 Qd8 38. Ke2 Qe8 39. h5 b5
40. Ne3 d5 41. Qg6 Qd7 42. Nf5 Kf8 43. Qd6+ Qxd6 44. Nxd6 Ke7 45. Nf5+ Kf6 46.
Kf3 g6 47. Nxh6 gxh5 48. gxh5 e4+ 49. dxe4 dxe4+ 50. Kxe4 Kg5 51. Nf5 Kxh5 52.
Ne7 Kg4 53. Nxc6 1-0

[Event "9. Longericher Sommer-Open"]
[Site "9. Longericher Sommer-Open"]
[Date "2012.08.05"]
[Round "5.19"]
[White "Niesel, Tobias"]
[Black "Rebischke, Florian"]
[Result "1-0"]
[WhiteElo "1401"]
[BlackElo "1305"]
[PlyCount "69"]
[EventDate "2012.??.??"]
[WhiteTeam "Brühler SK 1920 e.V."]
[BlackTeam "SF Köln-Mülheim e.V."]

1. c4 c5 2. g3 Nc6 3. Bg2 e6 4. e4 Nge7 5. Nc3 Ne5 6. d3 N7c6 7. f4 Ng6 8. Nge2
a6 9. O-O Bd6 10. Be3 b6 11. e5 Bc7 12. Ne4 Bb7 13. d4 cxd4 14. Nxd4 Nxd4 15.
Bxd4 Bc6 16. b4 Rb8 17. a3 Ne7 18. Qh5 Bxe4 19. Bxe4 Nc6 20. Bc3 Qe7 21. Rae1
g6 22. Qf3 Na7 23. f5 gxf5 24. Bxf5 exf5 25. e6 fxe6 26. Bxh8 Qg5 27. Qxf5 Qg8
28. Qh5+ Kd8 29. Be5 Bxe5 30. Qxe5 Nc6 31. Qd6 Ke8 32. b5 axb5 33. cxb5 Rc8 34.
bxc6 Qg7 35. cxd7+ 1-0

[Event "9. Longericher Sommer-Open"]
[Site "9. Longericher Sommer-Open"]
[Date "2012.08.05"]
[Round "5.20"]
[White "Sewald, Kathrin"]
[Black "Hoferichter, Michael"]
[Result "1-0"]
[WhiteElo "1356"]
[BlackElo "1217"]
[PlyCount "81"]
[EventDate "2012.??.??"]
[WhiteTeam "SG Porz e.V."]
[BlackTeam "Klub Kölner SF e.V. 1"]

1. e4 c5 2. Bc4 e6 3. Nc3 a6 4. d3 Nc6 5. Nf3 h6 6. Be3 Qc7 7. Qd2 b5 8. Bb3
Na5 9. Ne2 Bd6 10. e5 Bxe5 11. Bxe6 dxe6 12. Nxe5 Qxe5 13. Qxa5 Ne7 14. d4 Qe4
15. dxc5 Nc6 16. Qc7 O-O 17. O-O-O Nb4 18. Rd2 Nxa2+ 19. Kb1 Nb4 20. Rc1 e5 21.
Rd6 Be6 22. Nc3 Qc4 23. Qa5 Nd5 24. Rd1 Nxc3+ 25. bxc3 Bf5 26. Qb4 Qe2 27. R1d2
Qh5 28. c6 Qxh2 29. g4 Bc8 30. c7 Qh4 31. Bb6 Bb7 32. Rd8 Rfxd8 33. Rxd8+ Kh7
34. Rxa8 Qh1+ 35. Kb2 e4 36. Re8 Qh3 37. Qf8 Qxg4 38. c8=Q Bxc8 39. Rxc8 Qe6
40. Bd4 f6 41. Rc7 1-0

[Event "9. Longericher Sommer-Open"]
[Site "9. Longericher Sommer-Open"]
[Date "2012.08.05"]
[Round "5.21"]
[White "Lechner, Alexander"]
[Black "Schröter, Ron"]
[Result "0-1"]
[WhiteElo "1151"]
[BlackElo "1469"]
[PlyCount "46"]
[EventDate "2012.??.??"]
[WhiteTeam "Godesberger SK 1929 e.V."]
[BlackTeam "SG Porz e.V."]

1. e4 e5 2. Nc3 Bc5 3. Nf3 d6 4. Bc4 Nf6 5. O-O Bg4 6. d3 h6 7. b3 Nc6 8. Nb1
Nd4 9. Nbd2 c6 10. c3 Nxf3+ 11. Nxf3 b5 12. b4 Bxf2+ 13. Rxf2 bxc4 14. dxc4
Nxe4 15. Rf1 Qb6+ 16. c5 dxc5 17. h3 cxb4+ 18. Kh2 Bxf3 19. Qxf3 Nd6 20. Rb1 a5
21. Be3 Qc7 22. Bc5 e4 23. Bxd6 Qxd6+ 0-1

[Event "9. Longericher Sommer-Open"]
[Site "9. Longericher Sommer-Open"]
[Date "2012.08.05"]
[Round "5.22"]
[White "Dijkhuis, Oele"]
[Black "Aquilino, Pasquale"]
[Result "1-0"]
[WhiteElo "988"]
[BlackElo "1448"]
[PlyCount "73"]
[EventDate "2012.??.??"]
[WhiteTeam "Moira Domtoren Utrecht"]
[BlackTeam "Ford-SF Köln e.V."]

1. e4 c5 2. Nf3 e6 3. d4 cxd4 4. Nxd4 a6 5. Be2 Nf6 6. Nc3 Bb4 7. Qd3 Qc7 8.
O-O Nc6 9. Nxc6 bxc6 10. Bg5 Bxc3 11. bxc3 d5 12. Bxf6 gxf6 13. exd5 cxd5 14.
c4 dxc4 15. Qxc4 Qe5 16. Qc6+ Ke7 17. Qxa8 f5 18. Bxa6 Bd7 19. Qf3 Rg8 20. Qe3
Qc7 21. c4 Bc6 22. f3 Qa5 23. Qa7+ Kf6 24. Qd4+ Kg6 25. Qh4 Qxa6 26. Qg3+ Kh6
27. Qxg8 Qxc4 28. Qxf7 Qd4+ 29. Kh1 Bd5 30. a4 Bc4 31. Rfc1 Bd5 32. a5 Qf2 33.
Qf6+ Kh5 34. Rc7 h6 35. Qf7+ Kg5 36. Qg7+ Kh5 37. g4+ 1-0

[Event "9. Longericher Sommer-Open"]
[Site "9. Longericher Sommer-Open"]
[Date "2012.08.05"]
[Round "5.23"]
[White "Rey, Thorsten"]
[Black "Wilde, Christian"]
[Result "0-1"]
[WhiteElo "1186"]
[BlackElo "1155"]
[PlyCount "72"]
[EventDate "2012.??.??"]
[WhiteTeam "Klub Kölner SF e.V. 1"]
[BlackTeam "SF Köln-Longerich 195"]

1. e4 c5 2. Nf3 Nc6 3. Bb5 Nd4 4. Nxd4 cxd4 5. O-O a6 6. Bc4 e6 7. d3 d5 8.
exd5 exd5 9. Bb3 Nf6 10. Nd2 b5 11. Nf3 Be7 12. Nxd4 Bb7 13. Nf5 O-O 14. Nxe7+
Qxe7 15. Re1 Qc7 16. h3 d4 17. Bg5 Qc6 18. f3 a5 19. a3 a4 20. Ba2 h6 21. Bxf6
Qxf6 22. Qe2 Qg6 23. Qf2 Rac8 24. Re2 Rfe8 25. Rae1 Rxe2 26. Rxe2 Bc6 27. Re7
Rf8 28. Qe2 Qg5 29. Qd1 Qxe7 30. Kf2 Qh4+ 31. Kg1 Re8 32. Kh2 Qf2 33. Qg1 Qxc2
34. Qxd4 Bxf3 35. Bxf7+ Kh8 36. Qg1 Re2 0-1